000 01056nam a22002177a 4500
003 OSt
005 20161031164213.0
008 150408b xxu||||| |||| 00| 0 eng d
040 _cBMC
082 _a658
100 1 _940288
_aGonzález Sermeño, Marcela Arely
245 1 0 _aCreación de catálogo turístico del municipio de El Congo, del Departamento de Santa Ana, El Salvador
_b: Informe final de proyecto
_cMarcela Arely González Trijillo, Karla Beatriz Moreno Trujillo
260 _aSanta Ana (El Salvador)
_bUniversidad Católica de El Salvador
_c2016
300 _a1 v. (pág. var.)
_bil. col
_c28 cm
_e+ 1 disco compacto
500 _aPrecede al tít.: Universidad Católica de El Salvador, Facultad de Ciencias Empresariales
502 _aTrabajo de graduación para optar al grado académico de Licenciatura en Mercadeo y Negocios Internacionales
650 2 4 _94915
_aGestión
700 1 _940289
_aMoreno Trujillo, Karla Beatriz
710 2 _91067
_aUniversidad Católica de El Salvador
_bFacultad de Ciencias Empresariales
942 _2ddc
_cTG
999 _c26404
_d26404